000 00286nam a22001337a 4500
008 170821b xxu||||| |||| 00| 0 eng d
020 _a031493362
041 _aeng
080 _23 ED
_a51
100 _a37
101 _aMAT
245 _aCOLLEGE ALGEBRA
_cCOHEN.D
942 _2udc
_cBK
999 _c24179
_d24179